01167nam a2200301 i 4500001001000000003000900010005001700019007000300036008004100039020001800080040003000098082003100128100003700159245013400196250002200330264003900352300004400391336002700435337003400462338003000496490004100526500007200567504003300639600006900672651004900741700003700790700003800827000046671DO-SdBNP20250909134543.0ta090717e2014 dr a br 000 0dspa d a9789945468458 aDO-SdBNPbspacBNPHUerda 4a923.27293bD812c, 20142221 aCassá, Roberto, d1948-eautor10aJuan Pablo Duarte :bel padre de la patria /cRoberto Cassá ; ilustraciones, José Mercader ; corrección, Tali Feld Gleiser. aCuarta edición  1aSanto Domingo :bTobogán,c2014. a54 páginas :bilustraciones ,c23 cm. 2rdacontentatextobtxt 2rdamedia asin mediaciónbn 2rdacarrieravolumen bnc0 aColección biografías dominicanas aIncluye datos biográficos del autor e ilustrador en las cubiertas aBibliografía : página 5110aDuarte, Juan Pablo, d1813-1876xCrítica e interpretación  4aRepública DominicanaxHistoria y1844-19301 aMercader, José,elustraciones 1 aFeld Gleiser, Tali,ecorrección